00329nam a2200121Ia 4500008004100000041000800041082001700049100001600066245004500082260004100127300003200168365000700200240624s9999 xx 000 0 und d aeng a658.4063 HUL aHULTMAN KEN aMAKING CHANGE IRRESISTIBLE OVERCOMING RE c1999aMumbaibJaico Publishing House axiii, : 210 : p. : cm. ; 24 cRS